| 000 | 00782nam a22002897a 4500 | ||
|---|---|---|---|
| 001 | 16523125 | ||
| 003 | OSt | ||
| 005 | 20140310182858.0 | ||
| 008 | 101028s2009 ph 000 1 tgl | ||
| 010 | _a 2010338922 | ||
| 020 | _a9789715849036 | ||
| 040 |
_aDLC _cDLC |
||
| 042 | _alcode | ||
| 050 | 0 | 0 |
_aPL 6165.4 _b.R396 2009 |
| 100 | 1 | _aReyes, Edgar. | |
| 245 | 1 | 0 |
_aDiwalwal : _bbundok ng ginto / _cReyes, Edgardo M. |
| 260 |
_aQuezon City : _bC & E Pub., _c2009. |
||
| 300 |
_a306 p. : _c18 cm. |
||
| 500 | _aNovel. | ||
| 546 | _aIn Tagalog. | ||
| 562 | _eFor circulation. 1 copy available in the collection | ||
| 906 |
_a7 _bcbc _corigode _d4 _encip _f20 _gy-gencatlg |
||
| 942 |
_2lcc _cBK |
||
| 999 |
_c17060 _d17060 |
||